The last liberal and other essays (Record no. 17402)

MARC details
000 -LEADER
fixed length control field 00484nam a2200169Ia 4500
003 - CONTROL NUMBER IDENTIFIER
control field IN-BaIIA
008 - FIXED-LENGTH DATA ELEMENTS--GENERAL INFORMATION
fixed length control field 211028s9999 xx 000 0 eng d
020 ## - INTERNATIONAL STANDARD BOOK NUMBER
International Standard Book Number 978-8178242194
040 ## - CATALOGING SOURCE
Transcribing agency IIA Library
080 ## - UNIVERSAL DECIMAL CLASSIFICATION NUMBER
Universal Decimal Classification number 894-41
Item number GUH
100 ## - MAIN ENTRY--PERSONAL NAME
Personal name Guha, Ramachandra
9 (RLIN) 19242
245 #4 - TITLE STATEMENT
Title The last liberal and other essays
Statement of responsibility, etc. Ramachandra Guha
260 ## - PUBLICATION, DISTRIBUTION, ETC.
Place of publication, distribution, etc. Ranikhet
Name of publisher, distributor, etc. Permanent Black
Date of publication, distribution, etc. 2003
300 ## - PHYSICAL DESCRIPTION
Extent ix, 282p.
650 ## - SUBJECT ADDED ENTRY--TOPICAL TERM
Topical term or geographic name entry element Essays
942 ## - ADDED ENTRY ELEMENTS (KOHA)
Koha item type Books
Holdings
Withdrawn status Lost status Damaged status Not for loan Home library Current library Shelving location Date acquired Source of acquisition Cost, normal purchase price Total Checkouts Full call number Barcode Date last seen Date last checked out Cost, replacement price Price effective from Koha item type Purchase Price
        IIA Library-Bangalore IIA Library-Bangalore General Stacks 10/08/2009 BC 2750.00 1 894-41/ GUH 18324 25/02/2025 28/01/2025 2750.00 10/08/2009 Books Rs. 2750.00

Powered by Koha